[Event "Saint Louis Cairns Cup (Women) 4th"]
[Site "Saint Louis"]
[Date "2024.06.22"]
[Round "9"]
[White "Tan, Zhongyi"]
[Black "Kosteniuk, Alexandra"]
[Result "1/2-1/2"]
[WhiteElo "2540"]
[BlackElo "2501"]
[PlyCount "37"]
[EventDate "2024.06.13"]
[EventType "tourn"]
[EventRounds "9"]
[EventCountry "USA"]
[EventCategory "9"]
[SourceTitle "CBM 220 Extra"]
[Source "ChessBase"]
[SourceDate "2024.07.31"]
[SourceVersion "1"]
[SourceVersionDate "2024.07.31"]
[SourceQuality "1"]

1. d4 d5 2. c4 c6 3. cxd5 cxd5 4. Bf4 Nc6 5. e3 Nf6 6. Nc3 Bf5 7. Bd3 Bxd3 8. Qxd3 e6 9. Nf3 Bd6 10. Bxd6 Qxd6 11. 0-0 0-0 12. Rac1 Rfc8 13. a3 Na5 14. Rc2 Qd8 15. Rfc1 Nb3 16. Rd1 Na5 17. Rdc1 Nb3 18. Rd1 Na5 19. Rdc1 1/2-1/2

[Event "Saint Louis Cairns Cup (Women) 4th"]
[Site "Saint Louis"]
[Date "2024.06.21"]
[Round "8"]
[White "Harika, Dronavalli"]
[Black "Tan, Zhongyi"]
[Result "1/2-1/2"]
[WhiteElo "2489"]
[BlackElo "2540"]
[PlyCount "136"]
[EventDate "2024.06.13"]
[EventType "tourn"]
[EventRounds "9"]
[EventCountry "USA"]
[EventCategory "9"]
[SourceTitle "CBM 220 Extra"]
[Source "ChessBase"]
[SourceDate "2024.07.31"]
[SourceVersion "1"]
[SourceVersionDate "2024.07.31"]
[SourceQuality "1"]

1. e4 c5 2. Nf3 d6 3. Bb5+ Nd7 4. 0-0 a6 5. Be2 Ngf6 6. d3 b5 7. a4 b4 8. c3 bxc3 9. Nxc3 e5 10. a5 Be7 11. Nh4 g6 12. f4 0-0 13. f5 Kg7 14. Nf3 h6 15. Nd2 Bb7 16. Nc4 d5 17. exd5 Nxd5 18. Bf3 N7f6 19. Qd2 g5 20. h4 Rh8 21. Qf2 e4 22. Nxe4 g4 23. Be2 Nb4 24. b3 Nxd3 25. Bxd3 Qxd3 26. Nxf6 Bxf6 27. Bb2 Bxb2 28. Qxb2+ Qd4+ 29. Qxd4+ cxd4 30. f6+ Kh7 31. Rad1 Rad8 32. Rf4 g3 33. Rfxd4 Rxd4 34. Rxd4 Re8 35. Kf1 Re6 36. Rd6 Re4 37. Rd7 Rf4+ 38. Kg1 Ba8 39. Rxf7+ Kg6 40. Rg7+ Kxf6 41. Rxg3 Rxh4 42. Rd3 Ke7 43. g3 Rh1+ 44. Kf2 Bc6 45. Rd6 Bb5 46. Rb6 Rb1 47. Nd2 Ra1 48. Rxh6 Rxa5 49. Ke3 Ra1 50. Kf4 a5 51. Ne4 a4 52. bxa4 Rxa4 53. Ke5 Bd3 54. Nc5 Ra5 55. Rc6 Kf7 56. g4 Bb1 57. g5 Ra2 58. Rf6+ Ke7 59. Rb6 Re2+ 60. Kd4 Rd2+ 61. Ke5 Re2+ 62. Kf4 Rf2+ 63. Kg3 Rf5 64. Rb7+ Kd6 65. Rxb1 Rxg5+ 66. Kf4 Rxc5 67. Rd1+ Rd5 68. Rxd5+ Kxd5 1/2-1/2

[Event "Saint Louis Cairns Cup (Women) 4th"]
[Site "Saint Louis"]
[Date "2024.06.20"]
[Round "7"]
[White "Tan, Zhongyi"]
[Black "Paehtz, Elisabeth"]
[Result "1-0"]
[WhiteElo "2540"]
[BlackElo "2457"]
[PlyCount "63"]
[EventDate "2024.06.13"]
[EventType "tourn"]
[EventRounds "9"]
[EventCountry "USA"]
[EventCategory "9"]
[SourceTitle "CBM 220 Extra"]
[Source "ChessBase"]
[SourceDate "2024.07.31"]
[SourceVersion "1"]
[SourceVersionDate "2024.07.31"]
[SourceQuality "1"]

1. c4 c5 2. Nc3 Nc6 3. e3 Nf6 4. d4 d5 5. Nf3 e6 6. a3 a6 7. dxc5 Bxc5 8. b4 Be7 9. Bb2 0-0 10. Qc2 Qb6 11. Be2 dxc4 12. Bxc4 Ng4 13. Na4 Qc7 14. Bd3 f5 15. h3 Nf6 16. 0-0 Bd6 17. Rfd1 Bd7 18. Nc5 Rac8 19. Rac1 Kh8 20. Qb3 Rce8 21. Ng5 Bxc5 22. Rxc5 Bc8 23. Rdc1 Qe7 24. Nf3 Bd7 25. a4 Rc8 26. Ba3 Ne4 27. R5c2 Rfe8 28. b5 Na5 29. Qa2 Rxc2 30. Rxc2 Qd8 31. Ne5 Kg8 32. Bxe4 1-0

[Event "Saint Louis Cairns Cup (Women) 4th"]
[Site "Saint Louis"]
[Date "2024.06.19"]
[Round "6"]
[White "Dzagnidze, Nana"]
[Black "Tan, Zhongyi"]
[Result "1/2-1/2"]
[WhiteElo "2506"]
[BlackElo "2540"]
[PlyCount "59"]
[EventDate "2024.06.13"]
[EventType "tourn"]
[EventRounds "9"]
[EventCountry "USA"]
[EventCategory "9"]
[SourceTitle "CBM 220 Extra"]
[Source "ChessBase"]
[SourceDate "2024.07.31"]
[SourceVersion "1"]
[SourceVersionDate "2024.07.31"]
[SourceQuality "1"]

1. d4 d5 2. c4 e6 3. Nc3 Nf6 4. Bg5 Be7 5. e3 h6 6. Bh4 0-0 7. Nf3 b6 8. cxd5 Nxd5 9. Bxe7 Qxe7 10. Nxd5 exd5 11. Bd3 c5 12. dxc5 bxc5 13. 0-0 Be6 14. Rc1 Nd7 15. Qa4 Rfb8 16. Bb5 a5 17. Bxd7 Bxd7 18. Qa3 Rb4 19. Rfd1 Bg4 20. Rxd5 Bxf3 21. gxf3 Qf6 22. Kg2 Rxb2 23. Rdxc5 Rd8 24. Rc8 Qg5+ 25. Kf1 Qb5+ 26. Kg2 Qg5+ 27. Kf1 Qb5+ 28. Kg2 Qg5+ 29. Kf1 Qb5+ 30. Kg2 1/2-1/2

[Event "Saint Louis Cairns Cup (Women) 4th"]
[Site "Saint Louis"]
[Date "2024.06.17"]
[Round "5"]
[White "Muzychuk, Anna"]
[Black "Tan, Zhongyi"]
[Result "1/2-1/2"]
[WhiteElo "2505"]
[BlackElo "2540"]
[PlyCount "86"]
[EventDate "2024.06.13"]
[EventType "tourn"]
[EventRounds "9"]
[EventCountry "USA"]
[EventCategory "9"]
[SourceTitle "CBM 220 Extra"]
[Source "ChessBase"]
[SourceDate "2024.07.31"]
[SourceVersion "1"]
[SourceVersionDate "2024.07.31"]
[SourceQuality "1"]

1. e4 c6 2. d4 d5 3. e5 Bf5 4. c4 e6 5. Nc3 Ne7 6. a3 Nd7 7. cxd5 Nxd5 8. Nxd5 cxd5 9. Bd3 Bxd3 10. Qxd3 Rc8 11. Ne2 Qa5+ 12. Bd2 Qa6 13. Qxa6 bxa6 14. Rc1 Rxc1+ 15. Nxc1 f6 16. Nd3 fxe5 17. dxe5 Nb6 18. Bb4 Nc4 19. Ke2 Kd7 20. b3 Nxa3 21. Bxa3 Bxa3 22. Ra1 Be7 23. Rxa6 Rb8 24. Rxa7+ Ke8 25. b4 g5 26. f3 h5 27. Ra2 Kd7 28. g3 Rb6 29. Ra8 Bxb4 30. Rh8 Be7 31. Rxh5 Ra6 32. Rh7 Ra2+ 33. Ke3 Ke8 34. f4 Ra3 35. h4 gxf4+ 36. gxf4 Bc5+ 37. Kd2 Ra2+ 38. Kc3 Be3 39. h5 Ra3+ 40. Kc2 Ra2+ 41. Kc3 Ra3+ 42. Kc2 Ra2+ 43. Kc3 Ra3+ 1/2-1/2

[Event "Saint Louis Cairns Cup (Women) 4th"]
[Site "Saint Louis"]
[Date "2024.06.16"]
[Round "4"]
[White "Tan, Zhongyi"]
[Black "Zatonskih, Anna"]
[Result "1-0"]
[WhiteElo "2540"]
[BlackElo "2327"]
[PlyCount "39"]
[EventDate "2024.06.13"]
[EventType "tourn"]
[EventRounds "9"]
[EventCountry "USA"]
[EventCategory "9"]
[SourceTitle "CBM 220 Extra"]
[Source "ChessBase"]
[SourceDate "2024.07.31"]
[SourceVersion "1"]
[SourceVersionDate "2024.07.31"]
[SourceQuality "1"]

1. e4 e6 2. d4 d5 3. Nc3 Nf6 4. Bg5 dxe4 5. Nxe4 Be7 6. Bxf6 Bxf6 7. Nf3 0-0 8. Nxf6+ Qxf6 9. Bd3 c5 10. dxc5 Qxb2 11. 0-0 Nd7 12. Rb1 Qxa2 13. Rb4 Qd5 14. Re1 h6 15. Qd2 Nxc5 16. Re5 Qc6 17. Rg4 Nxd3 18. Qxh6 g6 19. Rxg6+ fxg6 20. Qxg6+ 1-0

[Event "Saint Louis Cairns Cup (Women) 4th"]
[Site "Saint Louis"]
[Date "2024.06.15"]
[Round "3"]
[White "Muzychuk, Mariya"]
[Black "Tan, Zhongyi"]
[Result "1/2-1/2"]
[WhiteElo "2510"]
[BlackElo "2540"]
[PlyCount "56"]
[EventDate "2024.06.13"]
[EventType "tourn"]
[EventRounds "9"]
[EventCountry "USA"]
[EventCategory "9"]
[SourceTitle "CBM 220 Extra"]
[Source "ChessBase"]
[SourceDate "2024.07.31"]
[SourceVersion "1"]
[SourceVersionDate "2024.07.31"]
[SourceQuality "1"]

1. e4 e6 2. d4 d5 3. Nc3 Bb4 4. Nge2 dxe4 5. a3 Bxc3+ 6. Nxc3 Nc6 7. d5 exd5 8. Qxd5 Be6 9. Qxe4 Nf6 10. Qa4 0-0 11. Bd3 Ne5 12. Be2 Bd7 13. Qd4 Re8 14. Bf4 Nc6 15. Qd2 Bg4 16. f3 Qxd2+ 17. Kxd2 Rad8+ 18. Bd3 Bf5 19. Bxc7 Rd7 20. Bg3 Red8 21. Rad1 Bxd3 22. cxd3 Nh5 23. Kc2 Nxg3 24. hxg3 Nd4+ 25. Kb1 Ne6 26. Kc2 Nd4+ 27. Kb1 Ne6 28. Kc2 Nd4+ 1/2-1/2

[Event "Saint Louis Cairns Cup (Women) 4th"]
[Site "Saint Louis"]
[Date "2024.06.14"]
[Round "2"]
[White "Tan, Zhongyi"]
[Black "Krush, Irina"]
[Result "1/2-1/2"]
[WhiteElo "2540"]
[BlackElo "2415"]
[PlyCount "90"]
[EventDate "2024.06.13"]
[EventType "tourn"]
[EventRounds "9"]
[EventCountry "USA"]
[EventCategory "9"]
[SourceTitle "CBM 220 Extra"]
[Source "ChessBase"]
[SourceDate "2024.07.31"]
[SourceVersion "1"]
[SourceVersionDate "2024.07.31"]
[SourceQuality "1"]

1. e4 c5 2. Nc3 e6 3. Nf3 a6 4. d4 cxd4 5. Nxd4 b5 6. Bd3 Bb7 7. 0-0 Nc6 8. Nxc6 Bxc6 9. Re1 Ne7 10. Qh5 Ng6 11. a4 bxa4 12. Nxa4 Bd6 13. Nc3 Be5 14. Ne2 0-0 15. f4 Qb6+ 16. Kh1 Qf2 17. Bd2 Bxb2 18. Rab1 Rab8 19. Rf1 Qh4 20. Qc5 Qe7 21. Qf2 f5 22. Ng3 Nh4 23. Rfe1 Qa3 24. Nxf5 exf5 25. Qxh4 fxe4 26. Bxe4 Bxe4 27. Rxe4 Qc5 28. Qe1 Qxc2 29. h3 h6 30. Rd1 d5 31. Re6 Rf6 32. Re7 Bd4 33. Rc1 Qd3 34. Bc3 Rc8 35. Bxd4 Rxc1 36. Re8+ Rf8 37. Rxf8+ Kxf8 38. Bxg7+ Kxg7 39. Qxc1 d4 40. Qc7+ Kg8 41. Qd8+ Kg7 42. Qd7+ Kg8 43. Qd8+ Kg7 44. Qd7+ Kg8 45. Qd8+ Kg7 1/2-1/2